[Event "Barcelona Sant Marti op-B 22nd"]
[Site "Barcelona"]
[Date "2022.07.15"]
[Round "3"]
[White "Blomart, Alain"]
[Black "Carrasco Pedro, Jose Maria"]
[Result "1-0"]
[WhiteElo "1552"]
[BlackElo "1153"]
[PlyCount "105"]
[EventDate "2022.07.13"]
[EventType "swiss"]
[EventRounds "9"]
[EventCountry "ESP"]
[SourceTitle "CBM 210 Extra"]
[Source "ChessBase"]
[SourceDate "2022.11.30"]
[SourceVersion "1"]
[SourceVersionDate "2022.11.30"]
[SourceQuality "1"]

1. Nf3 Nf6 2. d4 d5 3. g3 g6 4. Bg2 Bg7 5. 0-0 Nc6 6. c3 Be6 7. Nbd2 0-0 8. Re1 Qd7 9. e4 dxe4 10. Nxe4 Bg4 11. Nc5 Qc8 12. Qd3 a6 13. Ne5 Nxe5 14. Rxe5 e6 15. Bxb7 Qd8 16. Nxa6 Ra7 17. Bg2 Bf5 18. Qc4 Nd5 19. Re1 Nb6 20. Qe2 Na4 21. Qc4 Nb6 22. Qe2 Bg4 23. Qf1 Nd7 24. Bf4 e5 25. dxe5 Nb8 26. Nb4 c5 27. Nd3 Nd7 28. Be3 Rc7 29. Bf4 c4 30. Nb4 Be6 31. Rad1 Qc8 32. Bd5 Nc5 33. Qxc4 Na4 34. Qb3 Nc5 35. Qc2 Bh3 36. Bg2 Bxg2 37. Kxg2 Qb7+ 38. Kg1 Ne6 39. Bc1 Rc4 40. b3 Rg4 41. h3 Ng5 42. Bxg5 Rxg5 43. Nd3 Qb6 44. Re4 Rxg3+ 45. Kh2 Rg5 46. Qe2 Re8 47. f4 Bxe5 48. Rxe5 Rexe5 49. Nxe5 Rf5 50. Kg3 f6 51. Nd7 Qc7 52. Qe8+ Kg7 53. Qf8# 1-0

[Event "Barcelona Sant Marti op-B 22nd"]
[Site "Barcelona"]
[Date "2022.07.14"]
[Round "2"]
[White "Carrasco Pedro, Jose Maria"]
[Black "Salazar Navas, Josep"]
[Result "0-1"]
[WhiteElo "1153"]
[BlackElo "1556"]
[PlyCount "70"]
[EventDate "2022.07.13"]
[EventType "swiss"]
[EventRounds "9"]
[EventCountry "ESP"]
[SourceTitle "CBM 210 Extra"]
[Source "ChessBase"]
[SourceDate "2022.11.30"]
[SourceVersion "1"]
[SourceVersionDate "2022.11.30"]
[SourceQuality "1"]

1. d4 Nf6 2. Bf4 e6 3. e3 c5 4. c3 Nc6 5. Nd2 d5 6. Ngf3 Bd6 7. Bg3 0-0 8. Qc2 c4 9. Bh4 h6 10. Bxf6 Qxf6 11. 0-0-0 b5 12. e4 Qd8 13. e5 Be7 14. h4 b4 15. g4 bxc3 16. Qxc3 Nb4 17. Kb1 Bd7 18. a3 Rb8 19. axb4 Bxb4 20. Qc2 c3 21. Ng5 g6 22. Bd3 Ba3 23. Nb3 Ba4 24. Bxg6 f5 25. Nxe6 Qb6 26. Nec5 Bxc5 27. dxc5 Qxg6 28. Rxd5 Bxb3 29. Qxc3 fxg4+ 30. Rd3 Rxf2 31. Re1 Bc2+ 32. Ka1 Qxd3 33. Qxd3 Bxd3 34. Ka2 Rfxb2+ 35. Ka3 R8b3+ 0-1